Statistiques concernant Culture Générale - Série 1904

Cliquez ici pour prendre le quiz!

Statistiques générales

  • Ce quiz a été pris 51 fois
  • Le résultat moyen est 3 sur 10

Statistiques - réponses

QuestionRéponse% Correct
De quelle île la danse "habanera" serait-elle originaire ?Cuba
76%
Espace membraneux entre les os du crâne des nouveau-nés, qui s'ossifie progressivement au cours de la croissancefontanelle
66%
Quelle actrice prénommée Sylvie a reçu le César de la meilleure actrice dans "Stupeur et Tremblements" en 2004 ? voir photo .Testud
62%
Avoir très soif, c'est avoir la ...pépie
50%
Dans quel département français se trouve la ville d'Issoire ?Puy-de-Dôme
36%
Au XVIII° siècle comment appelait-on une résidence de campagne entourée d’un jardin arboré ? Ce mot est contenu dans 2 rues de Paris : Méricourt et Regnaultfolie
18%
Quel animal est le "caret" ?tortue
16%
Dans la région Languedoc, qu'appelle-t-on "cers" ?vent
14%
Dans la mythologie grecque, comment s'appelait le minotaure ?Astérios
4%
Quel nom donne-t-on à un galop d'essai d'un cheval de course ?canter
2%

Distribution des résultats

Percentile par nombre de réponses

% des personnes avec chaque résultat

Votre développement - résultats

Vous n’avez pas pris ce quiz